<?xml version="1.0" encoding="UTF-8"?>
<marc:record xmlns:marc="http://www.loc.gov/MARC21/slim">
   <marc:leader>00000nam a2200000 a 4500</marc:leader>
   <marc:datafield ind1="1" ind2=" " tag="100">
      <marc:subfield code="a">Blyton, Enid</marc:subfield>
      <marc:subfield code="4">aut</marc:subfield>
      <marc:subfield code="e">Verfasser/-in</marc:subfield>
   </marc:datafield>
   <marc:datafield ind1=" " ind2=" " tag="653">
      <marc:subfield code="a">Tonies-Hörfigur-Hörbuch</marc:subfield>
   </marc:datafield>
   <marc:datafield ind1="0" ind2="0" tag="245">
      <marc:subfield code="a">Fünf Freunde und das versunkene Schiff</marc:subfield>
   </marc:datafield>
   <marc:datafield ind1="0" ind2="0" tag="245">
      <marc:subfield code="b">Tonies-Hörfigur - Hörspiel</marc:subfield>
   </marc:datafield>
   <marc:datafield ind1="0" ind2="0" tag="245">
      <marc:subfield code="c">Blyton, Enid</marc:subfield>
   </marc:datafield>
   <marc:datafield ind1=" " ind2="1" tag="264">
      <marc:subfield code="a">Düsseldorf</marc:subfield>
      <marc:subfield code="b">Boxine GmbH</marc:subfield>
   </marc:datafield>
   <marc:datafield ind1="1" ind2=" " tag="490">
      <marc:subfield code="a">Fünf Freunde</marc:subfield>
   </marc:datafield>
   <marc:datafield ind1="1" ind2=" " tag="520">
      <marc:subfield code="a">Von Bernstein und Schiffswracks - dieses Abenteuer führt die Fünf Freunde an die englische Südküste&#xD;
Die Fünf Freunde fahren mit ihrer Tante Fanny an die Südkiste von England. Kaum angekommen, machen sich die Freunde auf die Suche nach Bernstein, denn den soll es in Bogna Bay geben. Stattdessen finden sie ein altes Holzbrett, was vermutlich zu einem versunkenen Schiff gehört. Als sie der Sache auf den Grund gehen wollen, geraten die Freunde in einen Streit. Ob sie es dennoch schaffen, das Rätsel zu lösen?&#xD;
&#xD;
Sprecher: Erzähler: Lutz Mackensy, Julian: Ivo Möller, Dick: Jannik Endemann, Anne: Theresa Underberg, George: Alexandra Garcia, Tante Fanny: Maud Ackermann, Hendrik: Herbert Tennigkeit, Bob: Ben Hecker, Donald: Tobias Schmidt, Glenn: Gosta Liptow, Susan: Laura Preiss, Constable Redford: Frank Gustavus, Constable Water: Holger Mahlich, Hausfrau: Maud Ackermann, Ehemann: Rüdiger Schulzki, Bootsbesitzer: Michael Bideller und Timmy, der Hund&#xD;
&#xD;
Titelliste:&#xD;
01 - Auf Bernsteinsuche&#xD;
&#xD;
02 - Das Schiff auf dem Meeresgrund&#xD;
&#xD;
03 - Streit unter Freunden&#xD;
&#xD;
04 - Wo sind Julian und Anne?&#xD;
&#xD;
05 - Der ungelöste Fall von Bogna Bay&#xD;
&#xD;
06 - Ein Rauchsignal am Horizont ...&#xD;
&#xD;
07 - Kein Entkommen für die Gauner&#xD;
&#xD;
Hörspiel&#xD;
ab 5 Jahren</marc:subfield>
   </marc:datafield>
   <marc:datafield ind1=" " ind2=" " tag="041">
      <marc:subfield code="a">ger</marc:subfield>
   </marc:datafield>
   <marc:datafield ind1=" " ind2=" " tag="338">
      <marc:subfield code="a">Nicht spezifiziert</marc:subfield>
   </marc:datafield>
   <marc:datafield ind1=" " ind2=" " tag="300">
      <marc:subfield code="a">box mit booklet</marc:subfield>
   </marc:datafield>
</marc:record>
